[Event "OLNW 1920 MTV Tostedt - SF Hannover"]
[Site "Tostedt"]
[Date "2021.07.11"]
[Round "9.8"]
[White "Thomas, Vincent"]
[Black "Spiess, Thomas"]
[Result "0-1"]
[WhiteElo "1597"]
[BlackElo "1986"]
[PlyCount "128"]
[EventDate "2021.??.??"]
[EventType "team-tourn"]
[EventCountry "GER"]

1. d4 d5 2. c4 c6 3. Nf3 Nf6 4. e3 Bf5 5. Nc3 e6 6. Qb3 Qb6 7. Nh4 Qxb3 8. axb3
Bc2 9. cxd5 exd5 10. Nb1 h6 11. Nd2 Nbd7 12. Be2 Bd6 13. O-O O-O 14. Bd1 Bd3
15. Re1 a6 16. Nf1 Rac8 17. Be2 Bh7 18. Bd2 Ne4 19. Bc3 g5 20. Nf3 Bg6 21. Ng3
Nxg3 22. hxg3 Kg7 23. Rac1 f5 24. Bd3 Rf7 25. Kf1 Re7 26. Ng1 Nf6 27. Ne2 Rb8
28. Bd2 Ng4 29. Nc3 Rbe8 30. Na2 Kf6 31. Bb4 Bxb4 32. Nxb4 h5 33. Bxa6 bxa6 34.
Rxc6+ Kg7 35. Nxd5 Rb7 36. b4 Bf7 37. Rc7 Rxc7 38. Nxc7 Bc4+ 39. Kg1 Rc8 40. f3
Rxc7 41. fxg4 hxg4 42. Rc1 Rc6 43. Kf2 Kf6 44. Ke1 Ke6 45. b3 Bd5 46. Rc5 Rxc5
47. bxc5 Bxb3 48. Kd2 Bd5 49. Kc3 a5 50. Kb2 Bxg2 51. Ka3 Bc6 52. Kb3 Kd5 53.
Kc3 Bb5 54. Kd2 Ke4 55. Ke1 Kxe3 56. d5 f4 57. gxf4 gxf4 58. c6 g3 59. c7 g2
60. Kd1 g1=Q+ 61. Kc2 Qg2+ 62. Kb1 Bd3+ 63. Ka1 Qc2 64. c8=Q Qb1# 0-1